| 000 | 00569nam a22001577a 4500 | ||
|---|---|---|---|
| 003 | NUST | ||
| 082 | _a621 | ||
| 100 |
_aMasood ,Muhammad Bin _9121593 |
||
| 245 |
_aStudy of Chemical and Physical Effects of WI and EGR on Direct Injection Diesel Engines / _cMuhammad Bin Masood |
||
| 264 |
_aIslamabad : _bSMME- NUST; _c2019. |
||
| 300 |
_a52p. ; _bSoft Copy _c33cm. |
||
| 650 |
_aMS Mechanical Engineering _9119495 |
||
| 700 |
_aSupervisor : Dr. Samiur Rahman Shah _9120102 |
||
| 856 | _u http://10.250.8.41:8080/xmlui/handle/123456789/13042 | ||
| 942 |
_2ddc _cTHE |
||
| 999 |
_c608425 _d608425 |
||